[Event "Scarborough CC Howard Ridout U1800"]
[Site "Toronto"]
[Date "2011.09.15"]
[Round "2"]
[White "Xiao, Jerry"]
[Black "Zhao, Yanchun"]
[Result "0-1"]
[WhiteElo "912"]
[BlackElo "1194"]
[PlyCount "64"]
[EventDate "2011.09.08"]
[EventType "swiss"]
[EventRounds "6"]
[EventCountry "CAN"]
[SourceTitle "EXT 2022"]
[Source "ChessBase"]
[SourceDate "2021.10.06"]
[SourceVersion "1"]
[SourceVersionDate "2021.10.06"]
[SourceQuality "1"]

1. d4 d5 2. c4 c6 3. Nc3 Nf6 4. Nf3 e6 5. e3 a6 6. a3 c5 7. Bd3 Nc6 8. 0-0 Qb6 9. Na4 Qa5 10. Bd2 Qc7 11. Qb3 cxd4 12. exd4 Na5 13. Bxa5 Qxa5 14. cxd5 Qxd5 15. Bc4 Qc6 16. Rad1 b5 17. Nc5 bxc4 18. Qxc4 Bxc5 19. dxc5 0-0 20. Ne5 Qe4 21. Rd4 Qxe5 22. f4 Qc7 23. Rfd1 Bb7 24. Rd6 Rfd8 25. Qd4 Rxd6 26. cxd6 Qc6 27. Kf1 Qxg2+ 28. Ke1 Qe4+ 29. Qxe4 Nxe4 30. d7 Rd8 31. Ke2 Nf6 32. Rc1 Rxd7 0-1

[Event "Scarborough CC Howard Ridout U1800"]
[Site "Toronto"]
[Date "2011.09.08"]
[Round "1"]
[White "Liang, Phillip"]
[Black "Xiao, Jerry"]
[Result "1-0"]
[WhiteElo "1376"]
[BlackElo "912"]
[PlyCount "47"]
[EventDate "2011.09.08"]
[EventType "swiss"]
[EventRounds "6"]
[EventCountry "CAN"]
[SourceTitle "EXT 2022"]
[Source "ChessBase"]
[SourceDate "2021.10.06"]
[SourceVersion "1"]
[SourceVersionDate "2021.10.06"]
[SourceQuality "1"]

1. e4 g6 2. d4 Bg7 3. Nc3 d6 4. Be3 Nf6 5. f3 0-0 6. Bc4 c6 7. a4 d5 8. Bb3 e6 9. Qd2 Bd7 10. e5 Ne8 11. 0-0-0 b5 12. Bh6 Bxh6 13. Qxh6 Ng7 14. g4 Na6 15. Nh3 b4 16. Ne2 f5 17. Ng5 Re8 18. Qxh7+ Kf8 19. Qxg6 Re7 20. Nh7+ Kg8 21. Nf6+ Kf8 22. Nf4 Be8 23. Qh7 c5 24. Qg8# 1-0

[Event "Scarborough CC-ch Reserves U1700"]
[Site "Toronto"]
[Date "2011.03.31"]
[Round "6"]
[White "Xiao, Jerry"]
[Black "Kaneshalingam, Mathanhe"]
[Result "1-0"]
[WhiteElo "908"]
[BlackElo "862"]
[PlyCount "73"]
[EventDate "2011.02.24"]
[EventType "swiss"]
[EventRounds "9"]
[EventCountry "CAN"]
[SourceTitle "EXT 2022"]
[Source "ChessBase"]
[SourceDate "2021.10.06"]
[SourceVersion "1"]
[SourceVersionDate "2021.10.06"]
[SourceQuality "1"]

1. e4 e5 2. Nf3 Nc6 3. c3 Nf6 4. d4 d6 5. d5 Ne7 6. Bd3 Bg4 7. h3 Bh5 8. 0-0 Qd7 9. Qe2 a6 10. b4 0-0-0 11. b5 Bxf3 12. Qxf3 axb5 13. Bc2 Rg8 14. a4 c6 15. axb5 cxb5 16. c4 Qc7 17. h4 bxc4 18. Ra8+ Kd7 19. Ba4+ Nc6 20. dxc6+ bxc6 21. Qh3+ Ke7 22. Ra6 Qb7 23. Rxc6 Nxe4 24. Ba3 Nc5 25. Bxc5 dxc5 26. Qf5 Rd6 27. Qxe5+ Re6 28. Rxe6+ fxe6 29. Re1 Qb6 30. Qg5+ Kd6 31. Qf4+ Ke7 32. Qg5+ Kd6 33. Rd1+ Kc7 34. Qd8+ Kb7 35. Rd7+ Ka6 36. Qa8+ Qa7 37. Qxa7# 1-0

[Event "Scarborough CC-ch Reserves U1700"]
[Site "Toronto"]
[Date "2011.03.17"]
[Round "4"]
[White "Feng, Richard"]
[Black "Xiao, Jerry"]
[Result "1-0"]
[WhiteElo "1057"]
[BlackElo "908"]
[PlyCount "45"]
[EventDate "2011.02.24"]
[EventType "swiss"]
[EventRounds "9"]
[EventCountry "CAN"]
[SourceTitle "EXT 2022"]
[Source "ChessBase"]
[SourceDate "2021.10.06"]
[SourceVersion "1"]
[SourceVersionDate "2021.10.06"]
[SourceQuality "1"]

1. e4 e5 2. Nf3 Nc6 3. Nc3 Bc5 4. Nxe5 Nxe5 5. d4 Bd6 6. dxe5 Bxe5 7. Qg4 Nf6 8. Qxg7 Rg8 9. Qh6 Ng4 10. Qxh7 Nf6 11. Qh4 Qe7 12. Nd5 Qe6 13. Bc4 d6 14. Nxc7+ Ke7 15. Bxe6 Bxe6 16. Nxa8 Rxa8 17. Bf4 Bxb2 18. Rb1 Bc3+ 19. Bd2 Be5 20. Rxb7+ Kf8 21. Qh8+ Ng8 22. Bh6+ Ke8 23. Qxg8# 1-0

[Event "Scarborough CC Falling Leaves U1700"]
[Site "Toronto"]
[Date "2010.12.02"]
[Round "6"]
[White "Xiao, Jerry"]
[Black "Patel, Saiyam"]
[Result "0-1"]
[WhiteElo "888"]
[BlackElo "953"]
[PlyCount "70"]
[EventDate "2010.10.28"]
[EventType "swiss"]
[EventRounds "7"]
[EventCountry "CAN"]
[SourceTitle "EXT 2022"]
[Source "ChessBase"]
[SourceDate "2021.10.06"]
[SourceVersion "1"]
[SourceVersionDate "2021.10.06"]
[SourceQuality "1"]

1. e4 e6 2. d4 Bb4+ 3. c3 Bf8 4. d5 exd5 5. exd5 Nf6 6. Bc4 d6 7. Bg5 h6 8. Bb5+ c6 9. Qe2+ Be7 10. dxc6 Nd5 11. Bxe7 Nxe7 12. cxb7+ Nd7 13. bxa8Q 0-0 14. Qee4 d5 15. Qf4 g5 16. Qg4 Nb6 17. Qxa7 Bxg4 18. f3 Qd6 19. a4 Bf5 20. a5 Nbc8 21. Qd4 Bg6 22. a6 Qe6+ 23. Ne2 Nf5 24. Qc5 Qe3 25. Qc7 Re8 26. Bxe8 Qxe8 27. a7 Nxa7 28. Rxa7 Ng7 29. 0-0 Qxe2 30. Qc8+ Ne8 31. b4 h5 32. h3 g4 33. hxg4 hxg4 34. fxg4 Be4 35. Raxf7 Qxg2# 0-1

[Event "Scarborough CC Falling Leaves U1700"]
[Site "Toronto"]
[Date "2010.10.28"]
[Round "1"]
[White "Xiao, Jerry"]
[Black "Aghamalian, Leonid"]
[Result "0-1"]
[WhiteElo "888"]
[BlackElo "1414"]
[PlyCount "48"]
[EventDate "2010.10.28"]
[EventType "swiss"]
[EventRounds "7"]
[EventCountry "CAN"]
[SourceTitle "EXT 2022"]
[Source "ChessBase"]
[SourceDate "2021.10.06"]
[SourceVersion "1"]
[SourceVersionDate "2021.10.06"]
[SourceQuality "1"]

1. e4 e5 2. b4 Bxb4 3. c3 Be7 4. f3 Nc6 5. Nh3 Nf6 6. Ng5 0-0 7. Bd3 h6 8. Nh3 Bc5 9. f4 d6 10. fxe5 dxe5 11. Qe2 Bg4 12. Qf1 Qd7 13. Nf2 Bxf2+ 14. Kxf2 Rad8 15. Ke1 Qxd3 16. Ba3 Qxe4+ 17. Kf2 Rfe8 18. d3 Rxd3 19. Qe1 Qf4+ 20. Kg1 Rd1 21. Nd2 Rxe1+ 22. Rxe1 Qxd2 23. Kf1 Ne4 24. h3 Qf2# 0-1